Itinéraire descriptif et historique de l'Allemagne (Record no. 156379)

MARC details
000 -LEADER
campo de control de longitud fija 01017nam a2200229 i 4500
001 - NÚMERO DE CONTROL
campo de control 156379
003 - IDENTIFICADOR DE NÚMERO DE CONTROL
campo de control ES-MaACL
005 - FECHA Y HORA DE LA ÚLTIMA TRANSACCIÓN
campo de control 20260201063016.0
008 - DATOS DE LONGITUD FIJA--INFORMACIÓN GENERAL
campo de control de longitud fija 040728s1862 fr abe |||| | fre d
040 ## - FUENTE DE CATALOGACIÓN
Centro catalogador/agencia de origen CAM
Lengua de catalogación spa
Centro/agencia transcriptor CAM
100 1# - ENTRADA PRINCIPAL--NOMBRE DE PERSONA
Nombre de persona Joanne, Adolphe,
Fechas asociadas al nombre 1823-1881
9 (RLIN) 66678
245 10 - MENCIÓN DEL TÍTULO
Título Itinéraire descriptif et historique de l'Allemagne
Resto del título : Allemagne du Nord : avec une carte routière générale, quatorze cartes spéciales et treize plans de villes /
Mención de responsabilidad, etc. par Adolphe Joanne.
250 ## - MENCION DE EDICION
Mención de edición 2éme éd. ref.
260 ## - PUBLICACIÓN, DISTRIBUCIÓN, ETC.
Lugar de publicación, distribución, etc. Paris :
Nombre del editor, distribuidor, etc. Librairie L. Hachette et C.,
Fecha de publicación, distribución, etc. 1862 (
Fabricante Imprimé chez Bonaventure et Ducessois)
300 ## - DESCRIPCIÓN FÍSICA
Extensión [2], CXI, 717 p., [15] h. maps., [13] h. plans. ;
Dimensiones 18 cm.
490 1# - MENCIÓN DE SERIE
Mención de serie Collection des Guides-Joanne
651 #4 - PUNTO DE ACCESO ADICIONAL DE MATERIA--NOMBRE GEOGRÁFICO
Nombre geográfico Alemania-
Subdivisión general Descripción.
9 (RLIN) 7657
830 0# - PUNTO DE ACCESO ADICIONAL DE SERIE-TÍTULO UNIFORME
Título uniforme Collection des Guides-Joanne
9 (RLIN) 188069
852 ## - LOCALIZACIÓN
Ubicación ES-MaACL
Número de control de estantería G-10552
Nota libre -- Enc. ed. en tela con hierros dorados
-- -- Legado Calderón
852 ## - LOCALIZACIÓN
Ubicación ES-MaACL
Número de control de estantería C-260
Nota libre -- Enc. ed. en tela
Holdings
Estatus retirado Estado de pérdida Estado de daño No para préstamo Colección Biblioteca de origen Biblioteca actual Ubicación en estantería Fecha de adquisición Fuente de adquisición Total de préstamos Signatura topográfica completa Código de barras Visto por última vez Precio de reemplazo Tipo de ítem Koha
        Libros del s. XIX Biblioteca del Ateneo de Madrid Biblioteca del Ateneo de Madrid Sala Palomar 17/01/2008     C-260 1163607 23/02/2023 23/02/2023 Libro impreso antiguo
        Libros del s. XIX Biblioteca del Ateneo de Madrid Biblioteca del Ateneo de Madrid Sala Pecera Planta 3 17/01/2008     G-10552 1163606 23/02/2023 23/02/2023 Libro impreso antiguo